000 00621nab a2200193 4500
001 244442
003 OSt
005 20250120141137.0
007 tu
008 200917s2020|||||||
040 _aDE-2950
_cDE-2950
245 0 0 _aGeburt an der Brauerei
_bFamilie. Ein Paar aus Küstrin-Kietz hat mitten in der Nacht in Frankfurt (Oder) ein Baby bekommen. Wie es zu dieser ungewöhnlichen Geburt kam/
_cLisa Larossa
264 _c2024
653 _aFrankfurt (Oder)
653 _aBrauerei
653 _aGeburt
773 0 _g36. Jahrgang (2025) Nr. 15 vom 18.01.2025, S. 17 mit Foto
_tMärkische Oderzeitung
942 _2z
_cA
999 _c373575
_d373575